|
|
|
|
| LEADER |
01444nam a2200385Ia 4500 |
| 001 |
EBC170469 |
| 003 |
MiAaPQ |
| 005 |
20200520144314.0 |
| 006 |
m o d | |
| 007 |
cr cn||||||||| |
| 008 |
980825s1999 enka sb 001 0 eng d |
| 010 |
|
|
|z 98042331
|
| 020 |
|
|
|z 0203455142
|
| 020 |
|
|
|z 0415193532
|
| 035 |
|
|
|a (MiAaPQ)EBC170469
|
| 035 |
|
|
|a (Au-PeEL)EBL170469
|
| 035 |
|
|
|a (CaPaEBR)ebr10054864
|
| 035 |
|
|
|a (CaONFJC)MIL31725
|
| 035 |
|
|
|a (OCoLC)560057955
|
| 040 |
|
|
|a MiAaPQ
|c MiAaPQ
|d MiAaPQ
|
| 050 |
|
4 |
|a HG3881.5.W57
|b M55 1999
|
| 082 |
0 |
4 |
|a 332.1/532
|2 21
|
| 100 |
1 |
|
|a Miller-Adams, Michelle,
|d 1959-
|
| 245 |
1 |
4 |
|a The World Bank
|h [electronic resource] :
|b new agendas in a changing world /
|c Michelle Miller-Adams.
|
| 260 |
|
|
|a London ;
|a New York :
|b Routledge,
|c 1999.
|
| 300 |
|
|
|a xiii, 176 p. :
|b ill.
|
| 490 |
1 |
|
|a Routledge studies in development economics ;
|v 16
|
| 504 |
|
|
|a Includes bibliographical references (p. [150]-169) and index.
|
| 533 |
|
|
|a Electronic reproduction. Ann Arbor, MI : ProQuest, 2015. Available via World Wide Web. Access may be limited to ProQuest affiliated libraries.
|
| 610 |
2 |
0 |
|a World Bank.
|
| 650 |
|
0 |
|a Banks and banking, International.
|
| 655 |
|
4 |
|a Electronic books.
|
| 710 |
2 |
|
|a ProQuest (Firm)
|
| 830 |
|
0 |
|a Routledge studies in development economics ;
|v 16.
|
| 856 |
4 |
0 |
|u https://ebookcentral.proquest.com/lib/matrademy/detail.action?docID=170469
|z Click to View
|